00663cam a22002297a 4500003000500000005001700005008004100022010001000063011001000073035001000083040000900093082001700102100001900119245006800138260004300206300001100249490003800260650001700298650003900315650004100354830003800395CHAP20220329140259.0971013s1971 r 00010 d a49695 a50667 a54817 cCHAP a333.098bF4400aFeder, Ernest.14aThe rape of the peasantryb: Latin America's landholding system aGarden City, N. Y. :bDaubleday,c1971 a304 p. 2aA Dcubleday anchor original, A79414aCampesinado.14aReforma agrariaxAmérica Latina.14aTierrasxTenenciaxAmérica Latina. 2aA Dcubleday anchor original, A794